00255nam a2200109Ia 4500100002200000250000600022654002900028245002900057260003900086300000800125546001200133 aSchildt/ Herbert  a2 aC:the complete reference aC:the complete reference bTata Mc Graw hillaNew Yorkc1998 a671 aENGLISH